| 000 | 00603cam a2200193 a 4500 | ||
|---|---|---|---|
| 999 |
_c109039 _d109039 |
||
| 001 | 11867058 | ||
| 005 | 20181124102539.0 | ||
| 008 | 991213s2001 njuab b 001 0 eng | ||
| 020 | _a0130884421 | ||
| 040 | _cPK-LaUMT | ||
| 082 | 0 | 0 |
_a292.13 _221 _bPOW- |
| 100 | 1 | _aPowell, Barry B. | |
| 245 | 1 | 0 |
_aClassical myth / _cBarry B. Powell ; with new translations of ancient texts by Herbert M. Howe. |
| 250 | _a3rd ed. | ||
| 260 |
_aUpper Saddle River, NJ : _bPrentice Hall, _c2001 |
||
| 300 |
_axxiii, 683 p. : _bill. (some col.), col. maps ; _c24 cm. |
||
| 650 | 0 | _aMythology, Classical | |
| 942 | _cBK | ||